| 000 | 00720nam a2200277Ia 4500 | ||
|---|---|---|---|
| 003 | OSt | ||
| 005 | 20221006144316.0 | ||
| 006 | a|||||r|||| 00| 0 | ||
| 007 | ta | ||
| 008 | 221006b |||||||| |||| 00| 0 eng d | ||
| 020 | _c51.00 | ||
| 024 | _a11,393 | ||
| 037 | _cTextual | ||
| 040 |
_aEASL _cEASL _beng |
||
| 041 |
_2eng _aeng |
||
| 082 | _aU8.4.N61, K2 | ||
| 100 |
_aDHARCPURT Francois _9651546 |
||
| 245 | 0 |
_aAsia _b Awakening of a world |
|
| 260 |
_aNew York _bHarcourt _c1962 |
||
| 300 |
_a295p. _ccm. |
||
| 490 | _v Gen | ||
| 650 | _a Gen | ||
| 650 |
_aOn the road to ancient sodom _9651547 |
||
| 942 |
_hU8.4.N61, K2 _cTEXL _2CC |
||
| 999 |
_c1079479 _d1079479 |
||